| 000 | nam a22 7a 4500 | ||
|---|---|---|---|
| 999 |
_c126541 _d126541 |
||
| 008 | 170725b xxu||||| |||| 00| 0 eng d | ||
| 050 | _aD228.G74 1964 | ||
| 100 |
_aGreen, Vivian Hubert Howard _933504 |
||
| 245 |
_aRenaissance and reformation _bA survey of European History between 1450 and 1660 _c/ Vivian Hubert Howard Green |
||
| 250 | _a2nd ed. | ||
| 260 |
_aLondon _bEdward Arnold _c1964 |
||
| 300 |
_a461p. ; _c24cm. |
||
| 650 |
_aEuropean _xHistory _y1492-1648 _933505 |
||
| 942 |
_2lcc _cMONOGRAPH |
||